Historia de Cartago / (Record no. 48299)
[ view plain ]
| 000 -LEADER | |
|---|---|
| campo de control de longitud fija | 00896nam a22002415i 4500 |
| 001 - NÚMERO DE CONTROL | |
| campo de control | 48299 |
| 003 - IDENTIFICADOR DE NÚMERO DE CONTROL | |
| campo de control | ES-MaACL |
| 005 - FECHA Y HORA DE LA ÚLTIMA TRANSACCIÓN | |
| campo de control | 20260305063018.0 |
| 007 - CAMPO FIJO DE DESCRIPCIÓN FÍSICA--INFORMACIÓN GENERAL | |
| campo de control de longitud fija | t| |
| 008 - DATOS DE LONGITUD FIJA--INFORMACIÓN GENERAL | |
| campo de control de longitud fija | 950712s1889 sp a ||||1| spa d |
| 080 ## - NÚMERO DE LA CLASIFICACIÓN DECIMAL UNIVERSAL | |
| Número de la Clasificación Decimal Universal | 939.73 |
| 100 1# - ENTRADA PRINCIPAL--NOMBRE DE PERSONA | |
| Nombre de persona | Church, Alfred John, |
| Fechas asociadas al nombre | 1829-1912 |
| 9 (RLIN) | 147978 |
| 245 10 - MENCIÓN DEL TÍTULO | |
| Título | Historia de Cartago / |
| Mención de responsabilidad, etc. | por Alfredo J. Church ; versión española con ampliación y notas por Francisco Fernández y González. |
| 260 ## - PUBLICACIÓN, DISTRIBUCIÓN, ETC. | |
| Lugar de publicación, distribución, etc. | Madrid : |
| Nombre del editor, distribuidor, etc. | El Progreso Editorial, |
| Fecha de publicación, distribución, etc. | 1889. |
| 300 ## - DESCRIPCIÓN FÍSICA | |
| Extensión | XVI, 474 p., [12] h. de lám., [2] h. pleg. de mapas : |
| Otras características físicas | il. ; |
| Dimensiones | 21 cm. |
| 490 1# - MENCIÓN DE SERIE | |
| Mención de serie | Historia de las naciones |
| 650 #4 - PUNTO DE ACCESO ADICIONAL DE MATERIA--TÉRMINO DE MATERIA | |
| Término de materia o nombre geográfico como elemento de entrada | Cartagineses. |
| 9 (RLIN) | 10795 |
| 651 #4 - PUNTO DE ACCESO ADICIONAL DE MATERIA--NOMBRE GEOGRÁFICO | |
| Nombre geográfico | Cartago (Ciudad desaparecida)- |
| Subdivisión general | Historia. |
| 9 (RLIN) | 147979 |
| 700 1# - ENTRADA AGREGADA--NOMBRE PERSONAL | |
| Nombre de persona | Fernández y González, Francisco, |
| Fechas asociadas al nombre | 1833-1917 |
| 9 (RLIN) | 49827 |
| 830 1# - PUNTO DE ACCESO ADICIONAL DE SERIE-TÍTULO UNIFORME | |
| Título uniforme | Historia de las naciones |
| 9 (RLIN) | 182232 |
| 852 ## - LOCALIZACIÓN | |
| Ubicación | ES-MaACL |
| Número de control de estantería | C-3262 |
| Estatus retirado | Estado de pérdida | Estado de daño | No para préstamo | Colección | Biblioteca de origen | Biblioteca actual | Ubicación en estantería | Fecha de adquisición | Fuente de adquisición | Total de préstamos | Signatura topográfica completa | Código de barras | Visto por última vez | Precio de reemplazo | Tipo de ítem Koha |
|---|---|---|---|---|---|---|---|---|---|---|---|---|---|---|---|
| Libros del s. XIX | Biblioteca del Ateneo de Madrid | Biblioteca del Ateneo de Madrid | Sala Palomar | 17/01/2008 | C-3262 | 1050831 | 23/02/2023 | 23/02/2023 | Libro impreso antiguo |
